La route : éléments et règles de base - Statistiques

Statistiques générales
  • Ce quiz a été pris 49 fois
  • Le résultat moyen est 18 sur 40
Statistiques - réponses
Hint Réponse % Correct
Nombre de points constituant ce dernier 12
90%
Route large, composée de deux fois deux (ou trois) voies, où la vitesse est généralement limitée à 130 km/h Autoroute
90%
Il s'obtient en passant une épreuve théorique puis une épreuve pratique Permis de conduire
87%
Limitation de vitesse s'appliquant aux conducteurs novices sur cette dernière (en km/h) 110
85%
Nombre de points retirés en cas de conduite sous l'influence de l'alcool et/ou de drogues 6
82%
Nombre de points retirés en cas de conduite sans correction visuelle malgré la mention 01.06 (= obligation de porter un dispositif de correction de la vue) 3
79%
Taux maximal (à ne pas atteindre) d'alcool par litre de sang ( en g/L) pour un conducteur expérimenté 0.5
74%
Limitation de vitesse en cas de brouillard épais / visibilité inférieure à 50m en amont (en km/h) 50
74%
Acuité visuelle minimale exigée pour conduire (en dixièmes) avec correction, pour les deux yeux 5
72%
Vitesse minimale sur autoroute, voie de gauche (en km/h) 80
69%
Nombre maximal de personnes que peut transporter (conducteur y compris) un véhicule conduit par une personne possédant uniquement le permis B 9
69%
Intersection formant un cercle, où les véhicules circulant ont la priorité sur ceux souhaitant s'y insérer Giratoire
64%
Nombre de jours au-delà duquel un stationnement en ville est considéré comme abusif 7
56%
Régime de priorité annoncé par un triangle rouge dans lequel se trouve une croix noire Priorité à droite
54%
La consommation d'alcool réduit le temps de réaction : Vrai ou Faux ? Faux
46%
Partie non visible directement depuis le poste de conduite, à contrôler régulièrement en tournant la tête Angle mort
44%
Si je n'ai plus de places dans ma voiture, transporter des passagers dans ma caravane est : une bonne idée donc autorisé, ou dangereux donc interdit Interdit
44%
Station où l'on s'arrête pour payer un droit de passage, on y passe sur l'autoroute ou juste avant d'y accéder Péage
44%
Mode de transport consistant à regrouper plusieurs personnes faisant le même trajet Covoiturage
41%
Infraction consistant à refuser de se soumettre à un contrôle routier Refus d'obtempérer
41%
Par sécurité (et aussi par respect pour les autres...) je signale que je vais tourner en actionnant mon Clignotant
38%
Panneau rond rouge avec une bande blanche au centre Sens interdit
38%
Les enfants doivent être installés à l'arrière de la voiture jusqu'à l'âge de ... ans 10
33%
Lors de longues descentes, pour éviter de trop user les freins, j'utilise le Frein moteur
33%
Route permettant de contourner une grande agglomération, la vitesse y est généralement limitée à 110 km/h ou 90 km/h Rocade
33%
Période entre le moment où une information est perçue par les yeux du conducteur et celui où il agit en conséquence (période généralement estimée à une seconde) Temps de réaction
33%
Je veille à faire monter et descendre les enfants du côté du Trottoir
33%
Si je transporte un enfant dans un siège dos à la route à l'avant, l'airbag doit systématiquement être Désactivé
31%
Principal risque lié à la fatigue, consommation d'alcool/drogues, téléphone au volant... Accident
28%
Si je croise quelqu'un en face, je les désactive et je repasse en feux de Croisement
28%
Zone délimitant un passage permettant aux piétons de traverser la chausée Passage piétons
26%
Signification du "A" présent sur les voitures des conducteurs en période probatoire (non, ce "A" ne signifie pas "Abruti" !!!) Apprenti
23%
Nature de l'infraction consistant à conduire sous l'influence de drogues (ou de l'alcool au-delà de 0.8 grammes par litre de sang) Délit
23%
Lorsque je circule la nuit hors agglomération et que je ne croise aucun usager en face, je circule en feux de Route
23%
Type de ligne au milieu de la route qu'il est interdit de franchir et de chevaucher sauf pour dépasser les véhicules à deux roues sans side-car Continue
15%
En cas d'accident, on sécurise au maximum la zone concernée afin de ne pas créer un Sur-accident
15%
Perte de tous les points composant le permis Invalidation
13%
Quantité d'alcool dans le sang d'une personne ayant consommé un verre en dosage bar (25cL de bière, 12cL de vin, 3cL de wiskey) (en g/L) 0.2
10%
En cas de forte pluie, ou la nuit si la route est sinueuse, je peux allumer en complément de ces derniers les feux de Brouillard avant
10%
Et en cas de neige ou de visibilité réduite, j'actionne les feux de Brouillard arrière
8%
Aucun quiz correspondant
Distribution des résultats
% des personnes avec chaque résultat
Percentile par nombre de réponses
Votre historique - résultats
Vous n’avez pas pris ce quiz